MARC details
| 000 -CABECERA |
| campo de control de longitud fija |
02142nam a22002057a 4500 |
| 008 - DATOS DE LONGITUD FIJA--INFORMACIÓN GENERAL |
| campo de control de longitud fija |
251029b |||||||| |||| 00| 0 eng d |
| 020 ## - NÚMERO INTERNACIONAL ESTÁNDAR DEL LIBRO |
| Número Internacional Estándar del Libro |
9781804544334 |
| 040 ## - FUENTE DE LA CATALOGACIÓN |
| Centro/agencia transcriptor |
tbs |
| 041 ## - CÓDIGO DE LENGUA |
| Código de lengua del texto/banda sonora o título independiente |
eng |
| 050 ## - SIGNATURA TOPOGRÁFICA DE LA BIBLIOTECA DEL CONGRESO |
| Número de clasificación |
QB843.B55 |
| Número de documento/Ítem |
C4868 2024 |
| 100 ## - ENTRADA PRINCIPAL--NOMBRE DE PERSONA |
| Nombre de persona |
Chown, Marcus |
| 9 (RLIN) |
26380 |
| Término indicativo de función/relación |
author |
| 245 ## - MENCIÓN DE TÍTULO |
| Título |
A crack in everything |
| Resto del título |
: how black holes came in from the cold and took cosmic centre stage |
| Mención de responsabilidad, etc. |
/ Marcus Chown. |
| 260 ## - PUBLICACIÓN, DISTRIBUCIÓN, ETC. |
| Lugar de publicación, distribución, etc. |
London : |
| Nombre del editor, distribuidor, etc. |
Head of Zeus, an Apollo book, |
| Fecha de publicación, distribución, etc. |
2024. |
| 300 ## - DESCRIPCIÓN FÍSICA |
| Extensión |
334 pages ; |
| Dimensiones |
20 cm. |
| 520 ## - SUMARIO, ETC. |
| Sumario, etc. |
What is space? What is time? Where did the universe come from? The answers to mankind's most enduring questions may lie in science's greatest enigma: black holes.<br/><br/>A black hole is a region of space where gravity is so strong that nothing, not even light, can escape. This can occur when a star approaches the end of its life. Unable to generate enough heat to maintain its outer layers, it shrinks catastrophically down to an infinitely dense point.<br/><br/>When this phenomenon was first proposed in 1916, it defied scientific understanding so much that Albert Einstein dismissed it as too ridiculous to be true. But scientists have since proven otherwise. In 1971, Paul Murdin and Louise Webster discovered the first black hole: Cygnus X-1. Later, in the 1990s, astronomers using NASA's Hubble Space Telescope found that not only do black holes exist, supermassive black holes lie at the heart of almost every galaxy, including our own. It would take another three decades to confirm this phenomenon. On 10 April 2019, a team of astronomers made history by producing the first image of a black hole.<br/><br/>A Crack in Everything is the story of how black holes came in from the cold and took cosmic centre stage. As a journalist, Marcus Chown interviews many of the scientists who made the key discoveries, and, as a former physicist, he translates the most esoteric of science into everyday language. The result is a uniquely engaging page-turner that tells one of the great untold stories in modern science. |
| 650 #0 - PUNTO DE ACCESO ADICIONAL DE MATERIA--TÉRMINO DE MATERIA |
| Término de materia o nombre geográfico como elemento de entrada |
Astronomy |
| 9 (RLIN) |
25079 |
| 650 #0 - PUNTO DE ACCESO ADICIONAL DE MATERIA--TÉRMINO DE MATERIA |
| Término de materia o nombre geográfico como elemento de entrada |
Black holes (Astronomy) |
| 9 (RLIN) |
22486 |
| 650 #0 - PUNTO DE ACCESO ADICIONAL DE MATERIA--TÉRMINO DE MATERIA |
| Término de materia o nombre geográfico como elemento de entrada |
Space and time |
| 9 (RLIN) |
12650 |
| 942 ## - ELEMENTOS DE ENTRADA AGREGADA (KOHA) |
| Fuente del sistema de clasificación o colocación |
Clasificación de Library of Congress |